000 00472nam a22001817a 4500
003 CEME
005 20210628203153.0
008 210122b xxu||||| |||| 00| 0 eng d
020 _a0-13-041407-7
040 _c.
082 _a515 EDW
100 _aEdwards C Henry, Edwards, C.Henry, Penney David E
_963751
245 _aSingle variable calculus
260 _aNEW JERSEY
_bPRENTICE HALL
_c2002
300 _aXIX,771P
650 _aCALCULUS.
_922175
942 _cBK
_2ddc
999 _c572474
_d572474